Statistics for The World's 50 Largest Cities by Letter - F

Click here to take the quiz!

General Stats

  • This quiz has been taken 108 times
  • The average score is 11 of 50

Answer Stats

Rank Population Country City % Correct
13747 kGermanyFrankfurt am Main
91%
81,112 kMoroccoFez
83%
91,056 kSierra LeoneFreetown
82%
42,643 kBrazilFortaleza
76%
23,205 kPakistanFaisalabad
73%
25381 kItalyFlorence
68%
10874 kUSAFort Worth
63%
51,579 kJapanFukuoka
59%
32,824 kChinaFuzhou
56%
17527 kUSAFresno
55%
50180 kUSAFort Lauderdale
44%
32266 kUSAFort Wayne
42%
29289 kJapanFukushima
38%
41246 kJapanFuji
37%
44230 kGermanyFreiburg im Breisgau
27%
43235 kUSAFremont
26%
42243 kIraqFallujah
22%
16,772 kChinaFoshan
22%
46210 kUSAFayetteville
17%
45212 kUSAFontana
17%
19474 kBrazilFlorianópolis
12%
71,319 kChinaFushun
9%
22463 kJapanFukuyama
8%
61,414 kIndiaFaridabad
8%
48195 kSpainFuenlabrada
6%
15604 kIndiaFirozabad
4%
39252 kArgentinaFormosa
4%
14636 kJapanFunabashi
3%
11781 kChinaFuyang
3%
12750 kChinaFuxin
3%
35264 kJapanFukui
3%
26344 kBrazilFranca
3%
21471 kChinaFuqing
3%
18475 kEgyptFayoum
3%
27326 kChinaFu'an
1%
47196 kMadagascarFianarantsoa
1%
16560 kBrazilFeira de Santana
1%
31267 kChinaFuding
1%
38257 kIndiaFaizabad
1%
37257 kBrazilFoz do Iguaçu
1%
36257 kColombiaFloridablanca
1%
30279 kChinaFangchenggang
0%
40247 kChinaFengcheng
0%
33265 kUzbekistanFarg'ona
0%
24389 kChinaFeixian
0%
23431 kJapanFujisawa
0%
20473 kChinaFeicheng
0%
34264 kJapanFuchū
0%
49193 kIndiaFatehpur
0%
28291 kIndiaFarrukhabad
0%

Score Distribution

Percentile by Number Answered

Percent of People with Each Score

Your Score History

You have not taken this quiz